Αρχαί προγραμματισμού Ηλεκτρονικών υπολογιστών : (Στοιχεία της γλώσσης Fortran)
Αποθηκεύτηκε σε:
| Κύριος συγγραφέας: | |
|---|---|
| Μορφή: | Βιβλίο |
| Γλώσσα: | Greek |
| Δημοσίευση: |
Αθήνα :
Παπαζήσης,
1974
|
| Θέματα: | |
| Ετικέτες: |
Προσθήκη ετικέτας
Δεν υπάρχουν, Καταχωρήστε ετικέτα πρώτοι!
|
MARC
| LEADER | 00000nam a2200000 i 4500 | ||
|---|---|---|---|
| 001 | 1/53710 | ||
| 008 | 950315s1974 gre d | ||
| 035 | |l 10027563 | ||
| 040 | |a GR-MY-UA |b gre |e aacr | ||
| 041 | 0 | |a gre | |
| 082 | 0 | |a 005.1 | |
| 100 | 1 | |a Slater, L. | |
| 245 | 1 | 0 | |a Αρχαί προγραμματισμού Ηλεκτρονικών υπολογιστών : |b (Στοιχεία της γλώσσης Fortran) / |c L.Slater |
| 260 | |a Αθήνα : |b Παπαζήσης, |c 1974 | ||
| 300 | |a 148 σ. | ||
| 650 | 0 | 0 | |a FORTRAN (Computer program language) |
| 852 | |a INST |b CHIOS |e 19950315 |h 005.1 SLA |p 005200006758 |q 005200006758 |t BK |y 0 | ||
| 909 | |a Χ |b 000450 | ||